<?xml version="1.0" encoding="UTF-8"?>
<collection xmlns="http://www.loc.gov/MARC21/slim">
 <record>
  <leader>01129nam a2200265 a 4500</leader>
  <controlfield tag="001">30945</controlfield>
  <controlfield tag="003">BD-DhAAL</controlfield>
  <controlfield tag="005">20160222130519.0</controlfield>
  <controlfield tag="008">160222s2015    bg       b    001 0 eng d</controlfield>
  <datafield tag="040" ind1=" " ind2=" ">
   <subfield code="a">BD-DhAAL</subfield>
   <subfield code="c">BD-DhAAL</subfield>
  </datafield>
  <datafield tag="082" ind1="0" ind2="0">
   <subfield code="a">657.021895492</subfield>
   <subfield code="2">22</subfield>
  </datafield>
  <datafield tag="999" ind1=" " ind2=" ">
   <subfield code="c">36912</subfield>
   <subfield code="d">36912</subfield>
  </datafield>
  <datafield tag="999" ind1=" " ind2=" ">
   <subfield code="c">0</subfield>
  </datafield>
  <datafield tag="999" ind1=" " ind2=" ">
   <subfield code="c">4951</subfield>
  </datafield>
  <datafield tag="245" ind1="1" ind2=" ">
   <subfield code="a">Bangladesh Financial Reporting Standards (BFRS), Vol.II,(BAS1-41).</subfield>
  </datafield>
  <datafield tag="264" ind1=" " ind2=" ">
   <subfield code="a">Dhaka :</subfield>
   <subfield code="b">Institute of Chartered Accountants of Bangladesh,</subfield>
   <subfield code="c">2015</subfield>
  </datafield>
  <datafield tag="300" ind1=" " ind2=" ">
   <subfield code="a">360 p. :</subfield>
   <subfield code="b">ill. ;</subfield>
   <subfield code="c">21 cm.</subfield>
  </datafield>
  <datafield tag="362" ind1="0" ind2=" ">
   <subfield code="a">Vol.II,(BAS1-41).</subfield>
  </datafield>
  <datafield tag="541" ind1="1" ind2=" ">
   <subfield code="e">30945, 30946</subfield>
  </datafield>
  <datafield tag="650" ind1=" " ind2="0">
   <subfield code="a">Financial Statements</subfield>
   <subfield code="z">Standard.</subfield>
   <subfield code="9">18110</subfield>
  </datafield>
  <datafield tag="710" ind1="2" ind2=" ">
   <subfield code="a">Institue of Chartered Accountants of Bangladesh</subfield>
   <subfield code="9">18111</subfield>
  </datafield>
  <datafield tag="852" ind1="4" ind2=" ">
   <subfield code="a">Ayesha Abed Library</subfield>
   <subfield code="j">General Shelf</subfield>
  </datafield>
  <datafield tag="942" ind1=" " ind2=" ">
   <subfield code="2">ddc</subfield>
   <subfield code="c">BK</subfield>
  </datafield>
  <datafield tag="952" ind1=" " ind2=" ">
   <subfield code="0">0</subfield>
   <subfield code="1">0</subfield>
   <subfield code="2">ddc</subfield>
   <subfield code="4">0</subfield>
   <subfield code="6">657_021895492000000_BAN</subfield>
   <subfield code="7">0</subfield>
   <subfield code="9">58118</subfield>
   <subfield code="a">BRACUL</subfield>
   <subfield code="b">BRACUL</subfield>
   <subfield code="c">GEN</subfield>
   <subfield code="d">2016-02-22</subfield>
   <subfield code="e">ICAB</subfield>
   <subfield code="l">4</subfield>
   <subfield code="o">657.021895492 BAN</subfield>
   <subfield code="p">3010030945</subfield>
   <subfield code="r">2024-05-05</subfield>
   <subfield code="s">2024-04-30</subfield>
   <subfield code="t">2</subfield>
   <subfield code="w">2016-02-22</subfield>
   <subfield code="y">BK</subfield>
  </datafield>
  <datafield tag="952" ind1=" " ind2=" ">
   <subfield code="0">0</subfield>
   <subfield code="1">0</subfield>
   <subfield code="2">ddc</subfield>
   <subfield code="4">0</subfield>
   <subfield code="6">657_021895492000000_BAN</subfield>
   <subfield code="7">0</subfield>
   <subfield code="9">58119</subfield>
   <subfield code="a">BRACUL</subfield>
   <subfield code="b">BRACUL</subfield>
   <subfield code="c">GEN</subfield>
   <subfield code="d">2016-02-22</subfield>
   <subfield code="e">ICAB</subfield>
   <subfield code="l">2</subfield>
   <subfield code="m">32</subfield>
   <subfield code="o">657.021895492 BAN</subfield>
   <subfield code="p">3010030944</subfield>
   <subfield code="q">2026-04-23</subfield>
   <subfield code="r">2025-10-08</subfield>
   <subfield code="s">2025-10-08</subfield>
   <subfield code="t">1</subfield>
   <subfield code="w">2016-02-22</subfield>
   <subfield code="y">BK</subfield>
  </datafield>
 </record>
</collection>
